Normal view
MARC view
- Wirtz, Jochen
Entry Personal Name
001 - CONTROL NUMBER
- control field: 14685
003 - CONTROL NUMBER IDENTIFIER
- control field: OSt
005 - DATE AND TIME OF LATEST TRANSACTION
- control field: 20250827171407.0
008 - FIXED-LENGTH DATA ELEMENTS
- fixed length control field: 250827|| aca||aabn | a|a d
040 ## - CATALOGING SOURCE
- Original cataloging agency: OSt
- Transcribing agency: OSt
100 ## - HEADING--PERSONAL NAME
- Personal name: Wirtz, Jochen
670 ## - SOURCE DATA FOUND
- Source citation: Work cat.: (OSt)5812: Lovelock, Christopher H. 14681, Services marketing :, c2007.